000 00518nam a2200193 a 4500
001 1767073668447
003 YourLibrary
005 20251230111910.0
008 251230s1998##################000#0#eng##
020 _a9780080431413
082 0 4 _a616.89
_bBEL
100 1 _aBellack, Alan S.,
_eauthor.
245 1 0 _aComprehensive Clinical Psychology: Professional issues :
260 _c1998.
300 _a564 pages
650 0 _aClinical psychology.
942 _cENGLISH
040 _aYourLibrary
_beng
_cYourLibrary
999 _c606025
_d606025